000 00733nam a2200217Ii 4500
003 JO-AjNU
008 230605s9999||||xx |||||||||||||| ||und||
020 _a978-2-7451-7240-2/2-7451-7240-9
040 _aJO-AjNU
_bara
_erda
_cJO-AjNU
041 _aara
050 1 4 _aPJ6171 2013
100 3 _aتاليف محمد حمود، خضر موسى,
_eauthor
_949924
245 0 0 _aالراقي في حداثة علم العروض والقوافي
250 _aط1
264 3 1 _aبيروت: دار الكتب العالمية،2013
300 _a222ص
336 _atext
_btxt
_2rdacontent
337 _aunmediated
_bn
_2rdamedia
338 _avolume
_bnc
_2rdacarrier
650 4 _aعلم العروض-اللغة العربية
_949925
999 _aA21959
_c25527
_d25527